Financial accounting (Record no. 63044)
[ view plain ]
| 000 -LEADER | |
|---|---|
| fixed length control field | 00604nam a2200145 a 4500 |
| 008 - FIXED-LENGTH DATA ELEMENTS--GENERAL INFORMATION | |
| fixed length control field | 120416s1980 ||||||||||||||||| || u |
| 050 ## - LIBRARY OF CONGRESS CALL NUMBER | |
| Classification number | HF 5635 Pyl |
| 100 ## - MAIN ENTRY--PERSONAL NAME | |
| Personal name | Pyle, William W |
| 245 10 - TITLE STATEMENT | |
| Title | Financial accounting |
| 260 ## - PUBLICATION, DISTRIBUTION, ETC. | |
| Place of publication, distribution, etc. | Homewood, Ill. |
| Name of publisher, distributor, etc. | Irwin |
| Date of publication, distribution, etc. | 1980 |
| 300 ## - PHYSICAL DESCRIPTION | |
| Extent | xiv, 610p. : ill. |
| 350 ## - | |
| -- | 0.00 |
| 995 ## - | |
| -- | BINDERY (DAMAGED) |
| -- | 0.00 |
| -- | 006314 |
| -- | CBU-MAIN LIBRARY (Kitwe) |
| -- | 2 |
| -- | 0.00 |
| -- | HF 5635 Pyl |
| -- | DAMAGED |
| -- | 006314 |
| -- | Main Library Open Access Collection |
| 995 ## - | |
| -- | BINDERY (DAMAGED) |
| -- | 0.00 |
| -- | 006313 |
| -- | CBU-MAIN LIBRARY (Kitwe) |
| -- | 1 |
| -- | 0.00 |
| -- | HF 5635 Pyl |
| -- | DAMAGED |
| -- | 006313 |
| -- | Main Library Open Access Collection |
| 999 ## - | |
| -- | 63044 |
| -- | 63044 |
| Withdrawn status | Lost status | Source of classification or shelving scheme | Damaged status | Not for loan | Permanent Location | Current Location | Shelving location | Date acquired | Total Checkouts | Full call number | Barcode | Date last seen | Price effective from | Koha item type |
|---|---|---|---|---|---|---|---|---|---|---|---|---|---|---|
| CBU-MAIN LIBRARY, KITWE. | CBU-MAIN LIBRARY, KITWE. | 12/24/2022 | HF 5635 Pyl | 006314 | 12/24/2022 | 12/24/2022 | MONOGRAPH | |||||||
| CBU-MAIN LIBRARY, KITWE. | CBU-MAIN LIBRARY, KITWE. | 12/24/2022 | HF 5635 Pyl | 006313 | 12/24/2022 | 12/24/2022 | MONOGRAPH |